Music Quiz

Random Music or Bands Quiz

Mark Ronson Songs Quiz Stats

 Plays Quiz not verified by Sporcle

Challenge
Share
Tweet
Embed
Score 0/52 Timer 15:00
0 Plays Today
Album Songs % Correct
Uptown Special (2015)Uptown Funk
83.3%
Version (2007)Valerie
70.8%
Version (2007)Oh My God
54.2%
Here Comes the Fuzz (2003)Intro
50%
Here Comes the Fuzz (2003)High
50%
Here Comes the Fuzz (2003)I Suck
50%
Version (2007)Just
50%
Record Collection (2010)Bang Bang Bang
50%
Record Collection (2010)The Bike Song
50%
Here Comes the Fuzz (2003)Bluegrass Stain'd
45.8%
Here Comes the Fuzz (2003)Ooh Wee
45.8%
Here Comes the Fuzz (2003)International Affair
45.8%
Here Comes the Fuzz (2003)On the Run
45.8%
Here Comes the Fuzz (2003)Here Comes the Fuzz
45.8%
Here Comes the Fuzz (2003)Bout to Get Ugly
45.8%
Here Comes the Fuzz (2003)She's Got Me
45.8%
Here Comes the Fuzz (2003)Tomorrow
45.8%
Here Comes the Fuzz (2003)Rashi (Outro)
45.8%
Version (2007)Stop Me
45.8%
Version (2007)Toxic
45.8%
Version (2007)Amy
45.8%
Version (2007)Diversion
45.8%
Version (2007)Outversion
45.8%
Record Collection (2010)Somebody to Love Me
45.8%
Record Collection (2010)Hey Boy
45.8%
Uptown Special (2015)Daffodils
45.8%
Album Songs % Correct
Here Comes the Fuzz (2003)Diduntdidunt
41.7%
Version (2007)God Put a Smile upon Your Face
41.7%
Version (2007)Apply Some Pressure
41.7%
Version (2007)Inversion
41.7%
Version (2007)Pretty Green
41.7%
Version (2007)The Only One I Know
41.7%
Version (2007)L.S.F. (Lost Souls Forever)
41.7%
Record Collection (2010)Lose It (In the End)
41.7%
Record Collection (2010)You Gave Me Nothing
41.7%
Record Collection (2010)The Colour of Crumar
41.7%
Record Collection (2010)Glass Mountain Trust
41.7%
Record Collection (2010)Circuit Breaker
41.7%
Record Collection (2010)Introducing the Business
41.7%
Record Collection (2010)Record Collection
41.7%
Record Collection (2010)Selector
41.7%
Record Collection (2010)Missing Words
41.7%
Record Collection (2010)The Night Last Night
41.7%
Uptown Special (2015)Uptown's First Finale
41.7%
Uptown Special (2015)Summer Breaking
41.7%
Uptown Special (2015)Feel Right
41.7%
Uptown Special (2015)I Can't Lose
41.7%
Uptown Special (2015)Crack in the Pearl
41.7%
Uptown Special (2015)In Case of Fire
41.7%
Uptown Special (2015)Leaving Los Feliz
41.7%
Uptown Special (2015)Heavy and Rolling
41.7%
Uptown Special (2015)Crack in the Pearl Pt. II
41.7%

You're not logged in!

Compare scores with friends on all Sporcle quizzes.
OR
Log In

You Might Also Like...

Show Comments

Extras

Top Quizzes Today


Score Distribution

Your Account Isn't Verified!

In order to create a playlist on Sporcle, you need to verify the email address you used during registration. Go to your Sporcle Settings to finish the process.

Report this User

Report this user for behavior that violates our Community Guidelines.

Details: